000 00316 a2200145 4500
001 153630
040 _cEscola São Tomás de Aquino
100 _aFALCÃO, Adriana
240 1 0 _aA máquina
_lpor
245 1 0 _aA máquina
362 0 _a2005
440 1 _aObjetiva
697 _a*LITERATURA JUVENIL
942 _cBK
999 _c153630
_d153630